La época mercantilista: historia de la organización y las ideas económicas desde el final de la Edad Media hasta la sociedad liberal

Saved in:
Bibliographic Details
Main Author: Heckscher, Eli F (Author)
Format: Book
Language:Spanish
Published: Ciudad de México Fondo de Cultura Económica 1943
Subjects:
Tags: Add Tag
No Tags, Be the first to tag this record!

MARC

LEADER 00000nam a2200000 a 4500
001 UCW8304
003 CL-VaPUC
008 880802e19430000MX |||||||||||||||||spa|d
082 0 4 |a 330.151  |b HEC  |2 21 
100 |a Heckscher, Eli F  |e author  |9 409818 
245 1 3 |a La época mercantilista: historia de la organización y las ideas económicas desde el final de la Edad Media hasta la sociedad liberal 
300 |a 871 p 
942 |c BK 
945 |d 19880802 00:00:00 
260 |a Ciudad de México  |b Fondo de Cultura Económica  |c 1943 
650 0 |a Historia económica  |9 307218 
650 7 |a MERCANTILISMO  |2 CL-VaPUC  |9 313449 
583 |a last modification  |c 19880802 00:00:00  |k Rodrigo Vera 
999 |c 220721  |d 220719 
952 |0 0  |1 0  |4 0  |6 330_151000000000000_HEC_1943  |7 0  |8 A  |9 213285  |a BIBHIS  |b BIBHIS  |d 2019-11-15  |i 2816431  |o 330.151 HEC 1943  |p 2816431  |r 2025-01-20  |w 2019-11-15  |y BK  |k HIS